Yellow, Red, and Blue Flags - Statistics

General Stats
  • This quiz has been taken 25 times
  • The average score is 8 of 9
Answer Stats
Picture Answer % Correct
Colombia
95%
Venezuela
95%
Armenia
90%
Ecuador
90%
Romania
90%
Chad
85%
Moldova
85%
Andorra
80%
Philippines
75%
No matching quizzes found
Score Distribution
Percent of People with Each Score
Percentile by Number Answered
Your Score History
You have not taken this quiz